Statistics for AK’s General Knowledge A-Z #9

Click here to take the quiz!

General Stats

  • This quiz has been taken 556 times
  • The average score is 18 of 26

Answer Stats

HintAnswer% Correct
A – Plato’s student who disagreed with Plato’s ideas on equality of men and women and was (unfortunately) the more influential philosopher of the twoAristotle
90%
C – a type of spaniel, or Joe who sang “Up Where We Belong” with Jennifer WarnesCocker
89%
N – in units, between micro and picoNano
88%
U – general of the Union Army and U.S. president _____ S. Grant, or a variant of the name OdysseusUlysses
83%
W – witch or warlock, like MerlinWizard
83%
Y – the time it takes Tellus to complete one revolution of the SunYear
83%
D – baseball team from Michigan: _____ TigersDetroit
82%
K – inability to resist the urge to steal itemsKleptomania
82%
J – 2007 movie of a pregnant teenager, or Roman goddess married to JupiterJuno
78%
T – to practice an ability, or Paula Hawkins novel “The Girl on the ___”Train
77%
I – Billy who'd do anything for his sweet sixteenIdol
76%
L – U.S. city in a desert; name means “The Meadows”Las Vegas
76%
O – “____Trail”, a series of educational computer games, referring to a U.S. stateOregon
76%
R – the young kangaroo in Winnie-the-PoohRoo
76%
G – serious and sombre, or the last place where most of us will goGrave
75%
F – (in the book) a second-year university student from Geneva who creates a live humanoid from dead tissuesVictor Frankenstein
75%
H – Mad About You actor Helen, or something that the fox really, really does not look forward toHunt
73%
B – a country on an island in the Persian GulfBahrain
72%
E – the current lingua franca of international business, science, aviation, etc.English
69%
Q – Marvel character who moves at superhuman speed, or a common name for mercuryQuicksilver
69%
S – a weekly current affairs magazine published in Germany, or the rear part of a shipStern
67%
P – P in OPECPetroleum
50%
V – 2012 album by Grimes, based on the Latin word for "act of seeing”Visions
42%
M – a word familiar to sports fans and pyromaniacs, or something mothers are constantly trying to find for their daughters if we believe Jane AustenMatch
40%
X – one of the official languages of South Africa and ZimbabweXhosa
38%
Z – Robert who directed “Back to the Future” and “Forrest Gump”Zemeckis
34%

Score Distribution

Percentile by Number Answered

Percent of People with Each Score

Your Score History

You have not taken this quiz